[Event "Rhein Main op-B 21st"]
[Site "Bad Homburg"]
[Date "2018.06.02"]
[Round "5"]
[White "Schneider, Soenke"]
[Black "Roehm, Adrian"]
[Result "1-0"]
[WhiteElo "1419"]
[BlackElo "1522"]
[PlyCount "141"]
[EventDate "2018.05.30"]
[EventType "swiss"]
[EventRounds "7"]
[EventCountry "GER"]
[SourceTitle "EXT 2019"]
[Source "ChessBase"]
[SourceDate "2018.10.10"]
[SourceVersion "1"]
[SourceVersionDate "2018.10.10"]
[SourceQuality "1"]

1. c4 Nf6 2. Nc3 e6 3. g3 d5 4. cxd5 Nxd5 5. Bg2 g6 6. Nxd5 exd5 7. d4 Bg7 8. Nf3 h6 9. Qc2 c6 10. 0-0 Nd7 11. Bf4 0-0 12. Rac1 g5 13. Bd6 Re8 14. e3 Qf6 15. Bb4 g4 16. Ne1 Nb6 17. b3 h5 18. Qd2 Bh6 19. Nd3 Bf5 20. Nc5 Rab8 21. Ba5 Nd7 22. Bb4 Qg6 23. Nxd7 Bxd7 24. Rc3 Bf5 25. Rfc1 Re6 26. Bc5 a6 27. Qe2 Kg7 28. Qf1 Rh8 29. h4 gxh3 30. Bxh3 Bxh3 31. Qxh3 h4 32. Re1 Re4 33. Kf1 hxg3 34. Qxg3 Qxg3 35. fxg3 Rhe8 36. Kf2 Kg6 37. Ba3 R8e6 38. Bc1 Bg7 39. Rf1 Bh6 40. Rd3 Kg5 41. Kg2 f5 42. Rf3 Kg6 43. Kf2 Bf8 44. Rd1 Bd6 45. Rh1 Re7 46. Rh8 Rg7 47. Bd2 Kf6 48. Ba5 Reg4 49. Bd8+ Ke6 50. Bh4 Be7 51. Re8 Kd7 52. Rxe7+ Rxe7 53. Bxe7 Kxe7 54. Rxf5 Re4 55. Kf3 a5 56. g4 b6 57. a4 Re6 58. Re5 Kf6 59. g5+ Kf7 60. Rxe6 Kxe6 61. Kf4 c5 62. dxc5 bxc5 63. g6 c4 64. bxc4 dxc4 65. Ke4 c3 66. Kd3 c2 67. Kxc2 Kf6 68. Kd3 Kxg6 69. Ke4 Kf6 70. Kd5 Ke7 71. Kc5 1-0

[Event "Hessen-ch U17 op"]
[Site "Bad Homburg"]
[Date "2015.04.02"]
[Round "5"]
[White "Schneider, Soenke"]
[Black "Timpel, Kaan"]
[Result "1-0"]
[WhiteElo "968"]
[BlackElo "1091"]
[PlyCount "122"]
[EventDate "2015.03.30"]
[EventType "swiss"]
[EventRounds "7"]
[EventCountry "GER"]
[SourceTitle "EXT 2017"]
[Source "ChessBase"]
[SourceDate "2016.10.25"]
[SourceVersion "1"]
[SourceVersionDate "2016.10.25"]
[SourceQuality "1"]

1. e4 e5 2. Nf3 Nf6 3. Nc3 Nc6 4. a3 Bc5 5. Bb5 d6 6. d3 a6 7. Ba4 b5 8. Bb3 Bg4 9. Bg5 h6 10. Be3 Bd4 11. h3 Bh5 12. Qe2 0-0 13. Rb1 a5 14. Nd5 b4 15. Nxf6+ Qxf6 16. Bd5 Ra6 17. Bxc6 Rxc6 18. axb4 axb4 19. Bxd4 exd4 20. g4 Bg6 21. b3 Rb6 22. Nd2 Rb5 23. Qf3 Qg5 24. Ra1 Rc5 25. Ra2 Re8 26. Kd1 d5 27. exd5 Rxd5 28. Ra4 c5 29. Ra5 Rde5 30. Nc4 R5e6 31. Ra8 h5 32. Rxe8+ Rxe8 33. Re1 Rxe1+ 34. Kxe1 Qc1+ 35. Qd1 Qxd1+ 36. Kxd1 hxg4 37. hxg4 Kh7 38. Ke2 Kh6 39. Kf3 f5 40. gxf5 Bxf5 41. Ne5 Bg6 42. Ke2 Be8 43. Nc4 Kg5 44. Nd6 Bc6 45. Ne4+ Bxe4 46. dxe4 Kf4 47. f3 g6 48. Kd3 Ke5 49. Kc4 Kd6 50. f4 Kc6 51. e5 Kd7 52. Kxc5 Ke6 53. Kxd4 Kf5 54. Kd5 Kxf4 55. e6 g5 56. e7 g4 57. e8Q g3 58. Qe4+ Kg5 59. Ke5 Kh5 60. Kf5 Kh6 61. Qg4 Kh7 1-0

[Event "Hessen-ch U17 op"]
[Site "Bad Homburg"]
[Date "2015.04.01"]
[Round "4"]
[White "Ripp, Moritz"]
[Black "Schneider, Soenke"]
[Result "0-1"]
[WhiteElo "1310"]
[BlackElo "968"]
[PlyCount "92"]
[EventDate "2015.03.30"]
[EventType "swiss"]
[EventRounds "7"]
[EventCountry "GER"]
[SourceTitle "EXT 2017"]
[Source "ChessBase"]
[SourceDate "2016.10.25"]
[SourceVersion "1"]
[SourceVersionDate "2016.10.25"]
[SourceQuality "1"]

1. e4 e5 2. Nf3 Nc6 3. d4 exd4 4. Bc4 h6 5. Bf4 Bc5 6. c3 dxc3 7. Bxf7+ Kxf7 8. Qd5+ Ke8 9. Qxc5 cxb2 10. Be5 bxa1Q 11. Bxa1 d6 12. Qc3 Rh7 13. Nh4 Qxh4 14. Nd2 Qf6 15. Qc1 Qe7 16. Qb1 Nf6 17. 0-0 Rh8 18. Re1 b6 19. e5 dxe5 20. Qb5 Bd7 21. Bxe5 Kf7 22. Nf3 Nxe5 23. Qb3+ Qe6 24. Nxe5+ Kg8 25. Nxd7 Qxb3 26. Nxf6+ gxf6 27. axb3 Kf7 28. g3 Rhe8 29. Rd1 Rad8 30. Rc1 c5 31. Ra1 a5 32. Kg2 Re6 33. Kh3 Ree8 34. f4 f5 35. Rb1 Kg6 36. Kh4 Rd4 37. Rb2 b5 38. Ra2 a4 39. bxa4 Rxa4 40. Rd2 Re6 41. Rd5 Rc4 42. h3 b4 43. Rd3 Rd4 44. g4 Rxd3 45. g5 hxg5+ 46. fxg5 Rd4+ 0-1